<?xml version="1.0" encoding="UTF-8"?>
<marc:record xmlns:marc="http://www.loc.gov/MARC21/slim">
   <marc:leader>00000nam a2200000 a 4500</marc:leader>
   <marc:datafield ind1="1" ind2=" " tag="100">
      <marc:subfield code="a">McBride, James</marc:subfield>
      <marc:subfield code="4">aut</marc:subfield>
      <marc:subfield code="e">Verfasser/-in</marc:subfield>
   </marc:datafield>
   <marc:datafield ind1=" " ind2=" " tag="653">
      <marc:subfield code="a">Fiktionale Darstellung</marc:subfield>
   </marc:datafield>
   <marc:datafield ind1=" " ind2=" " tag="653">
      <marc:subfield code="a">Erzählende Literatur: Gegenwartsliteratur ab 1945</marc:subfield>
   </marc:datafield>
   <marc:datafield ind1=" " ind2=" " tag="653">
      <marc:subfield code="a">romane</marc:subfield>
   </marc:datafield>
   <marc:datafield ind1=" " ind2=" " tag="653">
      <marc:subfield code="a">roman</marc:subfield>
   </marc:datafield>
   <marc:datafield ind1=" " ind2=" " tag="653">
      <marc:subfield code="a">buch</marc:subfield>
   </marc:datafield>
   <marc:datafield ind1=" " ind2=" " tag="653">
      <marc:subfield code="a">bücher</marc:subfield>
   </marc:datafield>
   <marc:datafield ind1=" " ind2=" " tag="653">
      <marc:subfield code="a">neuerscheinung</marc:subfield>
   </marc:datafield>
   <marc:datafield ind1=" " ind2=" " tag="653">
      <marc:subfield code="a">taschenbuch</marc:subfield>
   </marc:datafield>
   <marc:datafield ind1=" " ind2=" " tag="653">
      <marc:subfield code="a">2024</marc:subfield>
   </marc:datafield>
   <marc:datafield ind1=" " ind2=" " tag="653">
      <marc:subfield code="a">barack obama #1 lieblingsbuch des jahres</marc:subfield>
   </marc:datafield>
   <marc:datafield ind1=" " ind2=" " tag="653">
      <marc:subfield code="a">new-york-times-bestseller</marc:subfield>
   </marc:datafield>
   <marc:datafield ind1=" " ind2=" " tag="653">
      <marc:subfield code="a">geheimnis</marc:subfield>
   </marc:datafield>
   <marc:datafield ind1=" " ind2=" " tag="653">
      <marc:subfield code="a">ebooks</marc:subfield>
   </marc:datafield>
   <marc:datafield ind1="0" ind2="0" tag="245">
      <marc:subfield code="a">Himmel &amp; Erde</marc:subfield>
   </marc:datafield>
   <marc:datafield ind1="0" ind2="0" tag="245">
      <marc:subfield code="b">Roman</marc:subfield>
   </marc:datafield>
   <marc:datafield ind1="0" ind2="0" tag="245">
      <marc:subfield code="c">McBride, James</marc:subfield>
   </marc:datafield>
   <marc:datafield ind1=" " ind2="1" tag="264">
      <marc:subfield code="a">München</marc:subfield>
      <marc:subfield code="b">btb</marc:subfield>
   </marc:datafield>
   <marc:datafield ind1=" " ind2=" " tag="250">
      <marc:subfield code="a">1. Auflage, deutsche Erstausgabe</marc:subfield>
   </marc:datafield>
   <marc:datafield ind1="1" ind2=" " tag="520">
      <marc:subfield code="a">Barack-Obama-Nummer-1-Lieblingsbuch des Jahres • Publishers-Weekly-Nummer-1-Buch des Jahres  • Amazon-Nummer-1-Buch-des-Jahres • New-York-Times-Bestseller&#xD;
&#xD;
Pottstown, Pennsylvania, 1972: Beim Ausheben der Fundamente für ein neues Baugebiet stoßen die Arbeiter am Grund eines Brunnens auf ein Skelett. Wem es gehörte und wie es dorthin kam, kann nur wissen, wer in den Zwanziger- und Dreißigerjahren in Chicken Hill gelebt hat, einem heruntergekommenen Viertel, in dem eingewanderte Juden und Afroamerikaner das Glück teilten ebenso wie die Sorgen. Es war auch das Viertel von Moshe und Chona Ludlow, die dort ein Theater und ein Lebensmittelgeschäft betrieben. Bis eines Tages ein tauber Waisenjunge auftauchte, den die staatlichen Behörden in eine Anstalt einweisen wollten. Und seine letzte Hoffnung ruhte auf Moshe und Chona und der Gemeinde von Chicken Hill ...&#xD;
James McBride taucht tief hinab in die Geschichte dieses Viertels und seiner Figuren, in den alltäglichen Kampf am Rande der Gesellschaft, und erzählt durch die Augen der gerade erst Eingewanderten von einem sich rasend schnell verändernden Amerika, das gerade erst dabei war zu werden, was es heute ist. Bis am Ende schließlich die Wahrheit über die Geschehnisse auf dem Chicken Hill ans Licht kommt - und sich einmal mehr zeigt, dass nur die Liebe und die Gemeinschaft - Himmel und Erde - in dunklen Zeiten Halt geben können.</marc:subfield>
   </marc:datafield>
   <marc:datafield ind1=" " ind2=" " tag="020">
      <marc:subfield code="a">9783442774692</marc:subfield>
      <marc:subfield code="9">9783442774692</marc:subfield>
   </marc:datafield>
   <marc:datafield ind1=" " ind2=" " tag="020">
      <marc:subfield code="a">3442774691</marc:subfield>
      <marc:subfield code="9">3442774691</marc:subfield>
   </marc:datafield>
   <marc:datafield ind1=" " ind2=" " tag="041">
      <marc:subfield code="a">ger</marc:subfield>
   </marc:datafield>
   <marc:datafield ind1=" " ind2=" " tag="338">
      <marc:subfield code="a">Band</marc:subfield>
   </marc:datafield>
   <marc:datafield ind1=" " ind2=" " tag="300">
      <marc:subfield code="a">461 Seiten</marc:subfield>
   </marc:datafield>
</marc:record>
